|
|
|
|
| LEADER |
01700nam a2200313 a 4500 |
| 001 |
4996003 |
| 003 |
BD-DhAAL |
| 005 |
20211129145150.0 |
| 008 |
090531t20051999enk b 000 0 eng d |
| 999 |
|
|
|c 1195
|d 1195
|
| 010 |
|
|
|a \\\99034082
|
| 020 |
|
|
|a 0521656249 (pbk.)
|
| 040 |
|
|
|a DLC
|c DLC
|d DLC
|d BD-DhAAL
|
| 082 |
0 |
0 |
|a 418.0071
|2 21
|
| 100 |
1 |
|
|a Ur, Penny.
|9 34160
|
| 245 |
1 |
2 |
|a A course in language teaching :
|b trainee book /
|c Penny Ur.
|
| 260 |
|
|
|a Cambridge, U.K. ;
|a New York :
|b Cambridge University Press,
|c 1999.
|
| 300 |
|
|
|a xii, 142 pages ;
|c 25 cm.
|
| 440 |
|
|
|a Cambridge teacher training and development
|9 34162
|
| 504 |
|
|
|a Includes bibliographical references (p. 142).
|
| 526 |
|
|
|a BIED
|
| 541 |
1 |
|
|a Complimentary copy from BIED
|e 00013370, 35314, 35315
|
| 650 |
|
0 |
|a Language and languages
|x Study and teaching.
|9 34161
|
| 852 |
4 |
|
|a Ayesha Abed Library
|j BIED Collection
|
| 942 |
|
|
|2 ddc
|c BK
|
| 952 |
|
|
|0 0
|1 0
|2 ddc
|4 0
|6 418_007100000000000_UR
|7 0
|9 1082
|a BRACUL
|b BRACUL
|c GEN
|d 2009-06-24
|g 950.00
|l 6
|m 16
|o 418.0071 UR
|p 3010013370
|r 2017-08-06
|s 2017-06-07
|t 1
|v 1900.00
|w 2009-06-24
|y BK
|
| 952 |
|
|
|0 0
|1 0
|2 ddc
|4 0
|6 418_007100000000000_UR
|7 0
|9 11847
|a BRACUL
|b BRACUL
|c GEN
|d 2019-09-08
|e Complimentary copy from BIED
|l 6
|m 37
|o 418.0071 UR
|p 3010035314
|r 2018-04-22
|s 2018-01-10
|t 3
|y BK
|x Transferred from BIED to General Stacks
|
| 952 |
|
|
|0 0
|1 0
|2 ddc
|4 0
|6 418_007100000000000_UR
|7 0
|9 66173
|a BRACUL
|b BRACUL
|c GEN
|d 2010-09-16
|l 0
|o 418.0071 UR
|p 3010014474
|r 2019-09-08
|t 2
|w 2019-09-08
|y BK
|
| 952 |
|
|
|0 0
|1 0
|2 ddc
|4 0
|6 418_007100000000000_UR
|7 0
|9 66174
|a BRACUL
|b BRACUL
|c GEN
|d 2019-09-08
|e Complimentary copy from BIED
|l 0
|o 418.0071 UR
|p 3010035315
|r 2019-09-08
|t 4
|w 2019-09-08
|y BK
|x Transferred from BIED to General Stacks
|